Ganong's Review of Medical Physiology (Record no. 24792)

MARC details
000 -LEADER
fixed length control field 00346nam a22001577a 4500
003 - CONTROL NUMBER IDENTIFIER
control field SGT
020 ## - INTERNATIONAL STANDARD BOOK NUMBER
International Standard Book Number 9789353168407
082 ## - DEWEY DECIMAL CLASSIFICATION NUMBER
Classification number 612
Item number G22B
100 ## - MAIN ENTRY--PERSONAL NAME
Personal name Barrett, Kim E.
245 ## - TITLE STATEMENT
Title Ganong's Review of Medical Physiology
250 ## - EDITION STATEMENT
Edition statement 26th
260 ## - PUBLICATION, DISTRIBUTION, ETC. (IMPRINT)
Name of publisher, distributor, etc Mc Graw Hill
Year of Publication 2022
300 ## - PAGE DESCRIPTION
No. of Pages 742
650 ## - SUBJECT ADDED ENTRY--TOPICAL TERM
Topical term or geographic name as entry element Physiology
942 ## - ADDED ENTRY ELEMENTS (KOHA)
Source of classification or shelving scheme Dewey Decimal Classification
Koha item type Books
942 ## - ADDED ENTRY ELEMENTS (KOHA)
-- 1
Holdings
Withdrawn status Lost status Source of classification or shelving scheme Damaged status Not for loan Home library Current library Shelving location Date acquired Vendor Name SGTU Bill Number Total Checkouts Full call number Accession No. (Barcode) Date last seen Date last borrowed Bill Date Koha item type
    Dewey Decimal Classification     SGT Dental Library SGT Dental Library Reference Book 19/08/2023 Ahuja Book Co. Pvt. Ltd. SGTU 16974 1 612 G22B FD9102 29/10/2024 22/10/2024 28/06/2023 Books
    Dewey Decimal Classification     SGT Dental Library SGT Dental Library Reference Book 19/08/2023 Ahuja Book Co. Pvt. Ltd. SGTU 16974   612 G22B FD9103 19/08/2023   28/06/2023 Books